| 000 | 01146cam a2200337 a 4500 | ||
|---|---|---|---|
| 001 | 2256 | ||
| 005 | 20231114082802.0 | ||
| 020 | _a9781416978121 | ||
| 020 | _a9780545284431 | ||
| 020 | _a9781416995814 | ||
| 040 |
_aDLC _cDLC _dDLC _beng |
||
| 050 | 0 | 0 |
_aPZ7.K23 _bDo 2009 |
| 082 | 0 | 0 |
_a437 _222 |
| 100 | 1 | _aKeene, Carolyn | |
| 245 | 1 | 0 |
_aDouble take / _cby Carolyn Keene ; illustrated by Macky Pamintuan |
| 250 | _aFirst Scholastic printing, September 2010 | ||
| 260 |
_aNew York : _bScholastic, _c2009 |
||
| 300 |
_a89 pages. : _billustrations _c19 cm |
||
| 490 | 0 |
_aNancy Drew and the Clue Crew ; _v#21 |
|
| 505 | _aK | ||
| 520 | _aWhen another club tries to compete with the Clue Crew, Nancy and her investigator friends must beat them in solving the case of a missing pink hooded sweatshirt. | ||
| 521 | 0 |
_a560 _bLexile |
|
| 521 | 0 |
_aK _bRaz-plus |
|
| 650 | 1 | _aMystery and detective stories. | |
| 650 | 1 |
_aClubs _vFiction. |
|
| 650 | 1 |
_aClothing and dress _vFiction. |
|
| 650 | 1 |
_aSchools _vFiction. |
|
| 700 | 1 |
_aPamintuan, Macky, _eillustrations |
|
| 906 |
_a7 _bcbc _corignew _d1 _eecip _f20 _gy-gencatlg |
||
| 942 |
_2ddc _cBK _n0 |
||
| 999 |
_c2256 _d2256 |
||